000 00697nam a2200241 i 4500
001 bgj
100 1 _aKLOOCK, Daniela
245 1 0 _aMedientheorien :
_bEine Einführung /
_cDaniela Kloock, Angela Spahr.
260 _aMünchen :
_bWilhelm Fink Verlag,
_c1997.
300 _a291 S. ;
_c19 cm.
490 1 _aUTB für Wissenschaft =
_aUni-Taschenbücher ;
_v1986
504 _aBibliographie S. 267-288.
505 _aRegister.
650 9 _aMedien
_xKultur
_xTheorie
700 1 _aSPAHR, Angela
830 0 _aUTB für Wissenschaft ;
_v1986
020 _a3825219860
040 _cBPK
041 0 _ager
920 _a3-8252-1986-0
942 _cKS
008 s gw f |000 0 ger
999 _c50282
_d50282
856 _uhttp://koha.tu.koszalin.pl/cgi-bin/koha/opac-detail.pl?biblionumber=50282
_yKatalog online BPK